000 00382nam a2200133Ia 4500
005 20260326235442.0
008 260326s9999||||xx |||||||||||||| ||und||
100 _aImhoff, Daniel
245 0 _aPaper or plastic :
_b Searching for solutions to an overpackaged World /
_cDaniel Imhoff
260 _bSierra Club Books
300 _a168 p.
650 _aDISEÑO INDUSTRIAL
942 _cBK
999 _c7435
_d7435